Beatles Songs Antonyms - Statistics

General Stats
  • This quiz has been taken 690 times
  • The average score is 9 of 11
Answer Stats
Hint Answer % Correct
A Night in the Death A Day in the Life
97%
A Soft Nights Morning A Hard Days Night
95%
Goodbye Hello Hello Goodbye
95%
Can Sell You Hate Can't Buy Me Love
93%
And You Hate Him And I Love Her
91%
Go Alone Come Together
84%
Stick and Whisper Twist and Shout
81%
Night Stander Day Tripper
76%
Yesterday Always Knows Tomorrow Never Knows
75%
Nothing Something
71%
Thankyou Thankyou You Please Please Me
53%
No matching quizzes found
Score Distribution
Percent of People with Each Score
Percentile by Number Answered
Your Score History
You have not taken this quiz